|
|
|
|
| LEADER |
00000nas a2200000 a 4500 |
| 001 |
vtls001321777 |
| 003 |
SK-MaSNL |
| 005 |
20260228163947.0 |
| 008 |
980220s1946 xx 0 und c |
| 035 |
|
|
|a SNK000274438
|
| 040 |
|
|
|a SNK
|b slo
|c SNK
|e AACR2
|
| 245 |
1 |
|
|a Průmyslový průkopník
|
| 260 |
|
|
|a Zlín
|b Koncernovaná rada zaměstnanců Baťa
|a Gottwaldov
|b Podniková rada zaměstnanců národního podniku Svit
|c 1946-[1950]
|
| 310 |
|
|
|a 1x mesačne
|
| 362 |
0 |
|
|a 1946 - [1950]
|
| 710 |
2 |
|
|a Baťa (Zlín, Československo)
|9 275022
|
| 710 |
2 |
|
|a Svit, n.p. (Zlín, Česko)
|9 275023
|
| 850 |
|
|
|a Slovenská národná knižnica v Martine
|
| 999 |
|
|
|c 11613
|d 13543
|
| 952 |
|
|
|0 0
|1 1
|4 0
|7 0
|a SNK
|b SNK
|d 1998-02-20
|l 0
|o snkČC 363/2/1947
|p 17A0124396
|r 2005-01-02 00:00:00
|t P60, <06>, [BOOK], {606}
|w 2026-02-21
|y PREZ
|